[Event "George Trundle Masters"]
[Site "Auckland"]
[Date "2023.04.14"]
[Round "3"]
[White "McDonald, Duncan"]
[Black "Chang, Yolanda"]
[Result "0-1"]
[WhiteElo "1588"]
[BlackElo "1591"]
[PlyCount "102"]
[EventDate "2023.04.12"]
[EventType "tourn"]
[EventRounds "9"]
[EventCountry "NZL"]
[SourceTitle "EXT 2024"]
[Source "ChessBase"]
[SourceDate "2023.10.10"]
[SourceVersion "1"]
[SourceVersionDate "2023.10.10"]
[SourceQuality "1"]

1. e4 c6 2. Nc3 d5 3. Nf3 dxe4 4. Nxe4 Nf6 5. Qe2 Na6 6. Nxf6+ gxf6 7. d4 Bf5 8. c3 e6 9. g3 Bd6 10. Bg2 Qe7 11. b4 Nc7 12. a4 Nd5 13. Bd2 0-0 14. 0-0 Nb6 15. a5 Nd7 16. Nh4 Bg6 17. Nxg6 fxg6 18. a6 bxa6 19. Bxc6 Rac8 20. Bxd7 Qxd7 21. Rxa6 e5 22. Rfa1 Bb8 23. dxe5 fxe5 24. c4 Qd4 25. Rc1 Qb2 26. Qe1 Qd4 27. Be3 Qe4 28. Qc3 Rfd8 29. c5 Kh8 30. Qc4 Rd1+ 31. Rxd1 Qxc4 32. Rf6 Qxb4 33. Rd7 Qb1+ 34. Kg2 Qe4+ 35. Kh3 h5 36. Rff7 g5 37. Rg7 Qf5+ 38. Kg2 g4 39. Rgf7 Qe4+ 40. Kf1 Qb1+ 41. Kg2 Qg6 42. c6 Qxc6+ 43. Kg1 Qg6 44. Rfe7 a5 45. f4 gxf3 46. Ba7 Rc1+ 47. Kf2 Bxa7+ 48. Rxa7 Qc2+ 49. Kxf3 Qd3+ 50. Kf2 Rc2+ 51. Ke1 Qe2# 0-1

[Event "NZL-ch op-B 130th"]
[Site "Wellington"]
[Date "2023.01.04"]
[Round "3"]
[White "McDonald, Duncan"]
[Black "Yue, Annie"]
[Result "0-1"]
[WhiteElo "1681"]
[BlackElo "1425"]
[PlyCount "62"]
[EventDate "2023.01.02"]
[EventType "swiss"]
[EventRounds "9"]
[EventCountry "NZL"]
[SourceTitle "CBM 212 Extra"]
[Source "ChessBase"]
[SourceDate "2023.03.31"]
[SourceVersion "1"]
[SourceVersionDate "2023.03.31"]
[SourceQuality "1"]

1. e4 c5 2. c3 Nc6 3. d4 cxd4 4. cxd4 e6 5. d5 Ne5 6. Nc3 d6 7. f4 Ng6 8. Bb5+ Bd7 9. dxe6 fxe6 10. Bc4 Nf6 11. Nf3 Qb6 12. Qe2 a6 13. f5 exf5 14. exf5+ Ne7 15. Ng5 d5 16. Bxd5 Nfxd5 17. Nxd5 Qa5+ 18. Nc3 Bxf5 19. 0-0 h6 20. Ne6 Qb6+ 21. Nd4 Qxd4+ 22. Be3 Qd7 23. Bb6 Bd3 24. Qh5+ g6 25. Qe5 Bxf1 26. Qxh8 Bc4 27. Rd1 Qe6 28. Qd4 Kf7 29. b3 Bb5 30. Qf2+ Kg8 31. Bc5 Nf5 0-1

[Event "NZL-ch rapid op 130th"]
[Site "Wellington"]
[Date "2023.01.04"]
[Round "4"]
[White "Nyberg, Michael"]
[Black "McDonald, Duncan"]
[Result "1-0"]
[WhiteElo "1883"]
[BlackElo "1469"]
[PlyCount "95"]
[EventDate "2023.01.04"]
[EventType "swiss (rapid)"]
[EventRounds "9"]
[EventCountry "NZL"]
[SourceTitle "CBM 212 Extra"]
[Source "ChessBase"]
[SourceDate "2023.03.31"]
[SourceVersion "1"]
[SourceVersionDate "2023.03.31"]
[SourceQuality "1"]

1. d4 d5 2. c4 e6 3. Nf3 Nf6 4. g3 Be7 5. Bg2 0-0 6. cxd5 exd5 7. 0-0 c6 8. Qc2 Bg4 9. Bf4 Bd6 10. Ne5 Bh5 11. Nc3 Re8 12. Rfe1 Nbd7 13. Nxf7 Bxf7 14. Bxd6 Nb6 15. Bf4 Bg6 16. Qc1 Ne4 17. Be5 Nc4 18. Nxe4 Nxe5 19. Nc5 Nc4 20. b3 Nd6 21. Bh3 Qf6 22. Qf4 Qxf4 23. gxf4 Re7 24. e3 a5 25. Nd7 Be4 26. Ne5 Bf5 27. Bg2 Nf7 28. Rac1 Nxe5 29. fxe5 Ree8 30. f3 Rad8 31. Rc5 Ra8 32. e4 Be6 33. f4 dxe4 34. Bxe4 g6 35. d5 Bxd5 36. Bxd5+ cxd5 37. Rxd5 Re7 38. Re4 Kf7 39. Kf2 b6 40. Ke3 Rc8 41. Rc4 Rxc4 42. bxc4 Rc7 43. Kd4 Rc6 44. Rd7+ Ke6 45. Rxh7 Kf5 46. Rf7+ Kg4 47. Rf6 Rc7 48. e6 1-0